000 00592cam a22001934a 4500
001 16793459
005 20250208081000.0
008 110523s2011 nyua b 001 0 eng
020 _a9780826106810
050 0 0 _aRC488.5
_bM364 2011
082 0 0 _a616.89/1562
_223
245 0 0 _aMarriage and family therapy :
_ba practice-oriented approach /
_cLinda Metcalf, editor.
260 _aNew York :
_bSpringer Pub. Co.,
_cc2011.
300 _axvi, 543 p. :
_bill. ;
_c26 cm.
650 0 _aMarital psychotherapy.
650 0 _aFamily psychotherapy.
700 1 _aMetcalf, Linda.
942 _2lcc
_cBK
_n0
999 _c3626
_d3626